书目信息 |
| 题名: |
民主法治社会主义
|
|
| 作者: | 于浩成 著 | |
| 分册: | ||
| 出版信息: | 北京 群众出版社 1985.05 |
|
| 页数: | 263页 | |
| 开本: | 20cm | |
| 丛书名: | ||
| 单 册: | ||
| 中图分类: | D046.1 | |
| 科图分类: | ||
| 主题词: | 社会主义革命--理论 , 无产阶级专政--理论 , 社会主义革命--关系--无产阶级专政 | |
| 电子资源: | ||
| ISBN: | ||
| 000 | 00641nam0 2200229 45 | |
| 001 | 0302191008 | |
| 005 | 20031219104103.9 | |
| 010 | @dCNY1.60 | |
| 091 | @a3067.254 | |
| 100 | @a20030219d1985 km y0chiy0120 ea | |
| 101 | 0 | @achi |
| 105 | @a z 000yy | |
| 200 | 1 | @a民主法治社会主义@AMin Zhu Fa Zhi She Hui Zhu Yi@f于浩成著@FYu Hao Cheng Zhu |
| 210 | @a北京@c群众出版社@d1985.05 | |
| 215 | @a263页@d20cm | |
| 606 | 0 | @a社会主义革命@x理论 |
| 606 | 0 | @a无产阶级专政@x理论 |
| 606 | 0 | @a社会主义革命@x关系@x无产阶级专政 |
| 690 | @aD046.1@v3 | |
| 701 | 0 | @a于浩成@4著 |
| 801 | @aCN@bTSTC@c20030219 | |
| 905 | @f3@b147417-419@dD046.1@e10 | |
| 民主法治社会主义/于浩成著.-北京:群众出版社,1985.05 |
| 263页;20cm |
| ISBN :CNY1.60 |
| ● |
| 相关链接 |
|
|
|
|
正题名:民主法治社会主义
索取号:D046.1/10
 
预约/预借
| 序号 | 登录号 | 条形码 | 馆藏地/架位号 | 状态 | 备注 |
| 1 | 0147417 | 001747346 | 第一借阅区/ [索取号:D046.1/10] | 在馆 | |
| 2 | 0147418 | 001747266 | 第一借阅区/ [索取号:D046.1/10] | 在馆 | |
| 3 | 0147419 | 001747300 | 第一样本阅览室/ [索取号:D046.1/10] | 在馆 |